000 01069nam a2200301 i 4500
001 69446
003 Mx-PuUPA
005 20220706095901.0
008 220614s2019 enk||||fr|||| 00| 0 eng d
020 _a9781783302444
_qrústica
040 _aMx-PuUPA
_bspa
_cMx-PuUPA
_dMx-PuUPA
_erda
041 0 _aeng
100 1 _aMaguire, Rachael,
_eautor
_912771
245 1 0 _aInformation rights for records managers /
_cRachael Maguire
250 _aFirst published
264 1 _aLondon :
_bFacet Publishing,
_c2019
300 _ax, 212 páginas ;
_c24 cm
336 _2rdacontent
_atexto
_btxt
337 _2rdamedia
_asin medio
_bn
338 _2rdacarrier
_avolumen
_bnc
650 7 _2armarc
_aLibertad de información
_zGran Bretaña
650 7 _2armarc
_aInformación del gobierno
_zGran Bretaña
650 7 _2armarc
_aRegistros públicos
_xLegislación
_zGran Bretaña
942 _2ddc
_cLI
_h323.4450941
_iM188
999 _c69446
_d69446